| 000 | 00653nam a22001937a 4500 | ||
|---|---|---|---|
| 005 | 20161110160413.0 | ||
| 010 | _aENG-116501 | ||
| 020 |
_a9789350980323 _c850.00 |
||
| 035 | _aEN-100033 | ||
| 037 | _bDBAD/PUB | ||
| 082 | _a950.4 | ||
| 100 | _aChatterjee,Suchandana | ||
| 245 |
_aReconsidering inner Asia : _cby Suchandana Chatterjee _bshared space, shifting identities / |
||
| 260 |
_aNew Delhi _bManohar Publisher & Distributors _c2014 |
||
| 270 |
_a4753/23 Ansari Road,Daryaganj _bNew Delhi _e110002 |
||
| 300 |
_a222p. _c22cm (Hb) |
||
| 500 | _aIncludes bibliographical references and index | ||
| 942 |
_2ddc _cEN _h950.4 _mCHA |
||
| 999 |
_c104580 _d104580 |
||